| 000 | 00357nam a2200145Ia 4500 | ||
|---|---|---|---|
| 008 | 230917s9999||||xx |||||||||||||| ||und|| | ||
| 040 |
_e38793 _aMAIN |
||
| 041 | _aEnglish | ||
| 082 | _a822.09 B56P | ||
| 100 | _aBlack, Michael | ||
| 245 | 0 | _aPoetic drama ab Mirror of the Will | |
| 260 |
_aLondon _bVision Press _c1977 |
||
| 300 | _a203 p. | ||
| 942 | _cBK | ||
| 999 |
_c223986 _d223986 |
||